wygrane kraje na esc oraz jesc według roku - Statystyki

Ogólne statystyki
  • Ten quiz został rozwiązany 10 razy
  • Średni wynik to 19 z 22
Statystyki odpowiedzi
rok kraj esc kraje jesc % Poprawnych
2014 Austria Włochy
100%
2025 Austria Francja
100%
2006 Finlandia Rosja
100%
2017 Portugalia Rosja
100%
2024 Szwajcaria Gruzja
100%
2012 Szwecja Ukraina
100%
2015 Szwecja Malta
100%
2023 Szwecja Francja
100%
2011 Azerbejdżan Gruzja
89%
2013 Dania Malta
89%
2019 Holandia Polska
89%
2009 Norwegia Holandia
89%
2008 Rosja Gruzja
89%
2004 Ukraina Hiszpania
89%
2016 Ukraina Gruzja
89%
2022 Ukraina Francja
89%
2021 Włochy Armenia
89%
2005 Grecja Białoruś
78%
2010 Niemcy Armenia
78%
2007 Serbia Białoruś
78%
2003 Turcja Chorwacja
78%
2018 Israel Polska
33%
Nie znaleziono quizów pasujących do podanych kryteriów
Rozkład punktacji
Procent ludzi z każdym wynikiem
Percentyl według liczby udzielonych odpowiedzi
Twoja historia wyników
Nie rozwiązałeś tego quizu